| Tag |
First Indicator |
Second Indicator |
Subfields |
| LEADER |
00000pam a2200000 a 4500 |
| 001 |
in00000071959 |
| 005 |
20151008062500.0 |
| 008 |
810410s1981 nyua b 00110 eng |
| 010 |
|
|
|a 81003573
|
| 020 |
|
|
|a 0122897803
|
| 035 |
|
|
|a (OCoLC)07571881
|
| 035 |
|
|
|9 AAK0313AM
|
| 039 |
0 |
|
|a 2
|b 3
|c 3
|d 3
|e 3
|
| 040 |
|
|
|a DLC
|c DLC
|d TXA
|d UtOrBLW
|
| 049 |
|
|
|a TXAM
|c [1167092]
|
| 050 |
0 |
0 |
|a P95.45
|b .G6
|
| 082 |
0 |
|
|a 001.54/2/0141
|2 19
|
| 100 |
1 |
|
|a Goodwin, Charles.
|
| 245 |
1 |
0 |
|a Conversational organization :
|b interaction between speakers and hearers /
|c Charles Goodwin.
|
| 264 |
|
1 |
|a New York, N.Y. :
|b Academic Press,
|c [1981]
|
| 264 |
|
4 |
|c ©1981
|
| 300 |
|
|
|a xii, 195 pages :
|b illustrations ;
|c 24 cm.
|
| 336 |
|
|
|a text
|b txt
|2 rdacontent
|
| 337 |
|
|
|a unmediated
|b n
|2 rdamedia
|
| 338 |
|
|
|a volume
|b nc
|2 rdacarrier
|
| 490 |
1 |
|
|a Language, thought, and culture
|
| 500 |
|
|
|a Includes index.
|
| 504 |
|
|
|a Bibliography: pages 179-189.
|
| 650 |
|
0 |
|a Conversation.
|
| 650 |
|
0 |
|a Discourse analysis.
|
| 830 |
|
0 |
|a Language, thought, and culture.
|
| 999 |
|
|
|a MARS
|
| 999 |
f |
f |
|s 2de1d8a3-3c97-39e1-ae85-9441d978760c
|i 889567c6-4339-3c40-8197-be22fdc7658c
|t 0
|
| 952 |
f |
f |
|p ric
|a Texas A&M University
|b Rellis Campus
|c Joint Library Facility
|s JLF
|d Remote Storage
|t 0
|e P95.45 .G6
|h Library of Congress classification
|i unmediated -- volume
|m A14806171911
|
| 998 |
f |
f |
|a P95.45 .G6
|t 0
|l Remote Storage
|